000 00538nam a22002177a 4500
003 UA-OsUOA
001 49162
007 ta
008 20070924b un ||||| |||| 00| 0 ukr d
090 _a82-01
_bН12
942 _cBK
040 _aUA-OsUOA
_bukr
_cUA-OsUOA
_dUA-OsUOA
245 _aНа крилах поезії
300 _a293 с.
955 _a3
041 _aukr
080 _a82-01
260 _aК.
_bДніпро
_c1980
650 7 _a82 Література. Літературознавство
_2UDC
999 _c335272
_d335272